000 00612nam a2200241Ia 4500
003 OSt
005 20221006144625.0
006 a|||||r|||| 00| 0
007 ta
008 221006b |||||||| |||| 00| 0 eng d
020 _c326.00
024 _a12,164
037 _cTextual
040 _aEASL
_cEASL
_beng
041 _2eng
_aeng
082 _aV41y7N15, M6
100 _aCHENG Nien
_9652457
245 0 _aLife and death in Shanghai
260 _aLondon
_bGrafton Books
_c1986
300 _a496p.
_ccm.
942 _hV41y7N15, M6
_cTEXL
_2CC
999 _c1080250
_d1080250